| 000 | 00426nam a22001337a 4500 | ||
|---|---|---|---|
| 008 | 150626b xxu||||| |||| 00| 0 eng d | ||
| 020 | _a9280513494 | ||
| 082 | _a346.048 INT | ||
| 100 | _aWIPO | ||
| 245 |
_aCreative expression : _bAn introduction to copyright and related rights for small and medium-sized enterprises / _cWIPO |
||
| 260 |
_aGeneva : _bWIPO, _cc2006. |
||
| 300 |
_a64p. : _bill. col. ; _c22cm. |
||
| 942 |
_2ddc _cBK |
||
| 999 |
_c6864 _d6864 |
||